A flow cytometric method for rapid selection of novel industrial yeast hybrids /
Enregistré dans:
| Autres auteurs: | , , , , , , |
|---|---|
| Format: | Article |
| Langue: | English |
| Sujets: | |
| Tags: |
Ajouter un tag
Pas de tags, Soyez le premier à ajouter un tag!
|
| Thư viện lưu trữ: | Thư viện Trường Đại học Đà Lạt |
|---|
| LEADER | 01023nam a2200349 4500 | ||
|---|---|---|---|
| 001 | DLU090091454 | ||
| 005 | ##20091201 | ||
| 040 | # | # | |a DLU |b eng |
| 041 | # | # | |a eng |
| 044 | # | # | |a us |
| 245 | # | # | |a A flow cytometric method for rapid selection of novel industrial yeast hybrids / |c P. J. L. Bell ... [et al.]. |
| 653 | # | # | |a Ascomycetes |
| 653 | # | # | |a Flow cytometry |
| 653 | # | # | |a Fluorescent labelling |
| 653 | # | # | |a Saccharomyces cerevisiae |
| 700 | # | # | |a Attfield, P. V. |
| 700 | # | # | |a Bell, P. J. L. |
| 700 | # | # | |a Bissinger, P. H. |
| 700 | # | # | |a Chapman, B. |
| 700 | # | # | |a Deere, D. |
| 700 | # | # | |a Shen, J. |
| 700 | # | # | |a Veal, D. A. |
| 773 | # | # | |t Applied and Environmental Microbiology |g Vol. 64, no. 5 (May 1998), p. 1669-1672 |
| 920 | # | # | |a Phòng Tạp chí -- Trung tâm Thông tin - Thư viện Trường Đại học Đà Lạt |
| 994 | # | # | |a DLU |
| 900 | # | # | |a True |
| 911 | # | # | |a Trương Bảo Trâm Anh |
| 925 | # | # | |a G |
| 926 | # | # | |a A |
| 927 | # | # | |a BB |
| 980 | # | # | |a Thư viện Trường Đại học Đà Lạt |